Basic concepts in information theory and statistics : (Record no. 184761)
[ view plain ]
| 000 -LEADER | |
|---|---|
| fixed length control field | 00875 a2200229 4500 |
| 003 - CONTROL NUMBER IDENTIFIER | |
| control field | Nust |
| 005 - DATE AND TIME OF LATEST TRANSACTION | |
| control field | 20170207153356.0 |
| 010 ## - LIBRARY OF CONGRESS CONTROL NUMBER | |
| LC control number | 74016781 |
| 020 ## - INTERNATIONAL STANDARD BOOK NUMBER | |
| International Standard Book Number | 0470576227 |
| 040 ## - CATALOGING SOURCE | |
| Transcribing agency | Nust |
| 082 00 - DEWEY DECIMAL CLASSIFICATION NUMBER | |
| Classification number | 001.539 |
| 100 1# - MAIN ENTRY--PERSONAL NAME | |
| Personal name | Mathai, A. M. |
| 245 10 - TITLE STATEMENT | |
| Title | Basic concepts in information theory and statistics : |
| Remainder of title | axiomatic foundations and applications / |
| Statement of responsibility, etc. | A. M. Mathai, P. N. Rathie. |
| 260 ## - PUBLICATION, DISTRIBUTION, ETC. | |
| Place of publication, distribution, etc. | New York : |
| Name of publisher, distributor, etc. | Wiley, |
| Date of publication, distribution, etc. | [1975] |
| 300 ## - PHYSICAL DESCRIPTION | |
| Extent | x, 137 p. ; |
| Dimensions | 24 cm. |
| 500 ## - GENERAL NOTE | |
| General note | The Concept of Uncertainty (Page-1), The Concept of Directed Divergence (Page-35), The Concept of Inaccuracy (Page-75), Some Basic Statistical Concepts and Their Cauterizations (Page-87), Some Other Measuring and Inequalities (Page-105), |
| 538 ## - SYSTEM DETAILS NOTE | |
| System details note | Almirah No.50 Shelf No.2 |
| 650 #0 - SUBJECT ADDED ENTRY--TOPICAL TERM | |
| Topical term or geographic name entry element | Axiomatic set theory. |
| 650 #0 - SUBJECT ADDED ENTRY--TOPICAL TERM | |
| Topical term or geographic name entry element | Information theory. |
| 650 #0 - SUBJECT ADDED ENTRY--TOPICAL TERM | |
| Topical term or geographic name entry element | Statistics. |
| 700 1# - ADDED ENTRY--PERSONAL NAME | |
| Personal name | Rathie, P. N., |
| 942 ## - ADDED ENTRY ELEMENTS (KOHA) | |
| Source of classification or shelving scheme | |
| Koha item type | Book |
| Withdrawn status | Lost status | Source of classification or shelving scheme | Damaged status | Not for loan | Permanent Location | Current Location | Shelving location | Date acquired | Full call number | Barcode | Date last seen | Price effective from | Koha item type | Public note |
|---|---|---|---|---|---|---|---|---|---|---|---|---|---|---|
| Military College of Signals (MCS) | Military College of Signals (MCS) | General Stacks | 12/12/2016 | 310 ,MAT | MCS5206 | 12/08/2016 | 12/12/2016 | Book | Almirah No.81, Shelf No.5 |
